000 00457nam a22001457a 4500
020 _a9781259589287
082 _a616.12
_bGRE
245 _aGreenspan's Basic & Clinical Endocrinology /
_cEdited by David G. Gardner, Dolores Shoback
250 _a10th Edition.
260 _aNew York :
_bMcGraw-Hill Education.
_c2018.
300 _a916 p. ;
_bill,
_c27 cm.
563 _aPBK.
650 _aEndocrine glands
_vPeriodicals
_xDiseases
_9114302
942 _2ddc
_cBK
999 _c595667
_d595667